00679nam a2200241 a 4500001001300000003000900013005001700022008004100039020001000080082001600090100002600106245002100132260003400153300000900187500003500196505001000231650002300241700002600264902000800290942000700298952011700305999001500422nice12345678IN_TiNIC20260116012830.0050524s0000 deoa grp 000 0 urd  ac10000a297.4bABD5 aAbdul Haq, Abu Amajad aAkhbar-Ul-Akhtar aDeobandbMaktaba Danishc0000 a128p aincludes index and biblioraphy2 aindex aSufism-Hagiography1 aAbdul Haq, Abu Amajad bSRS cBK 001040708StackRoom-aHMIbHMId2007-07-31g100.00l0o297.4 ABD5p013706r2007-07-31v100.00w2005-05-24yBK c8566d8566